CORPORATE ACCOUNTING (Record no. 217051)
[ view plain ]
| 000 -LEADER | |
|---|---|
| fixed length control field | 00511nam a22001937a 4500 |
| 008 - FIXED-LENGTH DATA ELEMENTS--GENERAL INFORMATION | |
| fixed length control field | 260427b |||||||| |||| 00| 0 eng d |
| 020 ## - INTERNATIONAL STANDARD BOOK NUMBER | |
| International Standard Book Number | 978-81-203-4627-7 |
| 050 ## - LIBRARY OF CONGRESS CALL NUMBER | |
| Classification number | HF 5686 .C7 G69 2025 |
| 100 ## - MAIN ENTRY--PERSONAL NAME | |
| Personal name | GOYAL, V.K |
| 245 ## - TITLE STATEMENT | |
| Title | CORPORATE ACCOUNTING |
| 250 ## - EDITION STATEMENT | |
| Edition statement | 3RD |
| 260 ## - PUBLICATION, DISTRIBUTION, ETC. | |
| Place of publication, distribution, etc. | DE4LHI, |
| Name of publisher, distributor, etc. | PHI LEARNING PRIVATE LIMITED |
| Date of publication, distribution, etc. | 2025. |
| 300 ## - PHYSICAL DESCRIPTION | |
| Extent | XIII, 630 P, ILL |
| 500 ## - GENERAL NOTE | |
| General note | INCLUDES INDEX |
| 650 ## - SUBJECT ADDED ENTRY | |
| Topical term or geographic name entry element | CORPORATIONS ACCOUNTING. |
| 700 ## - ADDED ENTRY--PERSONAL NAME | |
| Personal name | GOYAL, V.K |
| 942 ## - ADDED ENTRY ELEMENTS (KOHA) | |
| Source of classification or shelving scheme | Library of Congress Classification |
| Koha item type | Long Loan Book |
| Withdrawn status | Lost status | Source of classification or shelving scheme | Damaged status | Not for loan | Collection | Home library | Current library | Shelving location | Date acquired | Inventory number | Total checkouts | Full call number | Barcode | Date last seen | Copy number | Price effective from | Koha item type |
|---|---|---|---|---|---|---|---|---|---|---|---|---|---|---|---|---|---|
| Library of Congress Classification | Business & Economics | Kisii University Library | Kisii University Library | On Display | 04/27/2026 | 113234 | HF 5686 .C7 G69 2025 | A001542 | 04/27/2026 | 1 | 04/27/2026 | Long Loan Book |